Territories of the World - Statistics

General Stats
  • This quiz has been taken 173 times
    146 since last reset
  • The average score is 32 of 34
Answer Stats
Territory Answer % Correct
Virgin Is. United States
99%
Puerto Rico United states
99%
_________ Samoa United States
99%
Midway Is. United States
99%
Guam United States
99%
N. Mariana Is. United States
99%
Wake Is. United States/ Marshall Is.
99%
Greenland Denmark
98%
Turks and Caicos Is. United Kingdom
97%
Cayman Is. United Kingdom
97%
Virgin Is. United Kingdom
97%
Montserrat United Kingdom
97%
Gilbratar United Kingdom
97%
Pitcairn Is. United Kingdom
97%
S. Orkney & Shetland Is. United Kingdom
97%
St. Helena United Kingdom
97%
Falkand Is. United Kingdom
97%
Prince Edward Is. United Kingdom
97%
MacDonald Is. United Kingdom
97%
Guadeloupe France
96%
Martinique France
96%
New Caledonia France
96%
_________ Polynesia France
96%
Bassas da India France
96%
Kerguelen Is. France
96%
Svalbard Norway
95%
Christmas Is. Australia
91%
Aruba Netherlands
91%
Cook Is. New Zealand
86%
Niue New Zealand
86%
Azores Portugal
85%
Easter Is. Chile
82%
Galapagos Is. Ecuador
82%
Franz Josef Land Russia
63%
No matching quizzes found
Score Distribution
Percent of People with Each Score
Percentile by Number Answered
Your Score History
You have not taken this quiz since the last reset